[Event "TUR Cup										"]
[Site "Antalya"]
[Date "2018.02.01"]
[Round "9"]
[White "Ocakacan, Deniz"]
[Black "Alaca, Ali"]
[Result "0-1"]
[WhiteElo "1666"]
[BlackElo "1986"]
[PlyCount "84"]
[EventDate "2018.01.27"]
[EventType "swiss"]
[EventRounds "11"]
[EventCountry "TUR"]
[SourceTitle "CBM 182 Extra"]
[Source "ChessBase"]
[SourceDate "2018.02.23"]
[SourceVersion "1"]
[SourceVersionDate "2018.02.23"]
[SourceQuality "1"]

1. e4 c5 2. Nf3 g6 3. c4 Nc6 4. d4 cxd4 5. Nxd4 d6 6. Be3 Nf6 7. f3 Bg7 8. Nc3 Bd7 9. Be2 0-0 10. Qd2 Qa5 11. 0-0 Rfc8 12. Rac1 Ne5 13. Nd5 Qxd2 14. Bxd2 Nxd5 15. cxd5 Nd3 16. Bxd3 Bxd4+ 17. Kh1 Bxb2 18. Rb1 Bc3 19. Rxb7 Bxd2 20. Rxd7 Rc3 21. Bb5 Kf8 22. Bc6 Rb8 23. Rxa7 Rb2 24. a4 Rcc2 25. Rb7 Ra2 26. Rb8+ Kg7 27. Bd7 Be3 28. Bh3 g5 29. Rb3 Re2 30. Rfb1 h5 31. Rxe3 Rxe3 32. Bd7 Ree2 33. Rg1 Kf6 34. h3 e6 35. dxe6 fxe6 36. Be8 h4 37. Bh5 Red2 38. f4 gxf4 39. Bf3 Rxa4 40. Rb1 Rda2 41. Rb5 Ra1+ 42. Kh2 Rc1 0-1

[Event "TUR Cup										"]
[Site "Antalya"]
[Date "2018.01.28"]
[Round "3"]
[White "Danaci, Ege"]
[Black "Alaca, Ali"]
[Result "1-0"]
[WhiteElo "1760"]
[BlackElo "1986"]
[PlyCount "123"]
[EventDate "2018.01.27"]
[EventType "swiss"]
[EventRounds "11"]
[EventCountry "TUR"]
[SourceTitle "CBM 182 Extra"]
[Source "ChessBase"]
[SourceDate "2018.02.23"]
[SourceVersion "1"]
[SourceVersionDate "2018.02.23"]
[SourceQuality "1"]

1. e4 c5 2. Nc3 e6 3. g3 Nc6 4. Bg2 Nf6 5. d3 Be7 6. f4 d5 7. e5 Ng8 8. Nf3 Nh6 9. 0-0 Qb6 10. Kh1 Bd7 11. Ne2 0-0-0 12. c3 Kb8 13. d4 Rc8 14. Rb1 Nf5 15. g4 Nh6 16. h3 Qa6 17. Be3 cxd4 18. Nexd4 Na5 19. Bf2 Nc4 20. Re1 Qxa2 21. Ra1 Qxb2 22. Re2 Qb6 23. Nc6+ Qxc6 24. Bxa7+ Kc7 25. Nd4 b6 26. Nxc6 Bxc6 27. Rea2 Bc5 28. Qb3 Rhd8 29. Kh2 Be3 30. Kg3 f6 31. Bf1 fxe5 32. Bxc4 exf4+ 33. Kh2 dxc4 34. Qxc4 Rd5 35. Re2 Rcd8 36. Rb1 Rd2 37. Bxb6+ Bxb6 38. Qxf4+ e5 39. Qxe5+ R2d6 40. Rd2 Nf7 41. Qf4 R8d7 42. Rxd6 Nxd6 43. Rd1 Kb7 44. Qb4 Kc7 45. c4 Ne4 46. Rxd7+ Bxd7 47. Qe7 Nd6 48. Qxg7 Nxc4 49. Qxh7 Bc5 50. Qc2 Bd6+ 51. Kg1 Bc5+ 52. Kh2 Bd6+ 53. Kg2 Bc6+ 54. Kf2 Bd5 55. g5 Kd7 56. Qh7+ Ke6 57. g6 Bc5+ 58. Ke2 Ne5 59. g7 Bc4+ 60. Kd1 Bb3+ 61. Kc1 Ba3+ 62. Kb1 1-0